[Event "AUT-chT (Women) 2324"]
[Site "Austria"]
[Date "2023.11.25"]
[Round "2.3"]
[White "Khrapko, Marharyta"]
[Black "Hercog, Nusa"]
[Result "1-0"]
[WhiteElo "2172"]
[BlackElo "2043"]
[PlyCount "79"]
[EventDate "2023.11.24"]
[EventType "team-tourn"]
[EventRounds "9"]
[EventCountry "AUT"]
[SourceTitle "CB48_2023"]
[SourceDate "2023.11.29"]
[SourceVersion "1"]
[SourceVersionDate "2023.11.29"]
[SourceQuality "1"]
[WhiteTeam "Schach ohne Grenzen (W)"]
[BlackTeam "Feffernitz (W)"]
[WhiteTeamCountry "AUT"]
[BlackTeamCountry "AUT"]

1. e4 c6 2. d4 d5 3. f3 dxe4 4. fxe4 e5 5. Nf3 Bg4 6. c3 Nd7 7. Bd3 Ngf6 8. 0-0 Bd6 9. Na3 b5 10. Nc2 0-0 11. a4 a6 12. Ne3 Bh5 13. Nf5 Bc7 14. Bg5 Re8 15. Qe1 Bg6 16. N3h4 Qb8 17. axb5 axb5 18. Rxa8 Qxa8 19. Qf2 Re6 20. h3 Qe8 21. dxe5 Bb6 22. Be3 Bxe3 23. Qxe3 Rxe5 24. Qd4 c5 25. Qf2 Qf8 26. Bxb5 Rxe4 27. Rd1 Nb6 28. b4 Nbd5 29. Qxc5 Qxc5+ 30. bxc5 Bxf5 31. Nxf5 g6 32. c4 gxf5 33. cxd5 Rb4 34. Ba6 Ra4 35. Bb7 Ra5 36. Rc1 Ne4 37. c6 Nd6 38. c7 Kg7 39. c8Q Nxc8 40. Rxc8 1-0

[Event "EU-ch Rapid"]
[Site "Katowice"]
[Date "2022.12.17"]
[Round "4"]
[White "Hercog, Nusa"]
[Black "Piorun, Kacper"]
[Result "0-1"]
[WhiteElo "2057"]
[BlackElo "2611"]
[PlyCount "82"]
[EventDate "2022.12.17"]
[EventType "swiss (rapid)"]
[EventRounds "11"]
[EventCountry "POL"]
[SourceTitle "CBM 211 Extra"]
[Source "ChessBase"]
[SourceDate "2023.01.31"]
[SourceVersion "1"]
[SourceVersionDate "2023.01.31"]
[SourceQuality "1"]

1. d4 g6 2. c4 Bg7 3. Nc3 c5 4. d5 Bxc3+ 5. bxc3 f5 6. Nf3 Nf6 7. h4 Qa5 8. Qc2 d6 9. e3 Nbd7 10. Bd3 Nb6 11. 0-0 Bd7 12. Nd2 Na4 13. Bb2 0-0-0 14. Rab1 Kb8 15. Ba1 Qc7 16. e4 fxe4 17. Nxe4 Nxe4 18. Bxe4 Nb6 19. Bd3 Rdf8 20. f4 Rf6 21. Bb2 Bf5 22. Bc1 Qd7 23. Re1 Re8 24. Be4 Nxc4 25. Qb3 Nb6 26. c4 e6 27. Bb2 Rff8 28. dxe6 Rxe6 29. Bxf5 Rxf5 30. g3 Rf8 31. Bc3 Rfe8 32. Rxe6 Qxe6 33. Ba5 Qxc4 34. Bxb6 Qxb3 35. Bxa7+ Kxa7 36. Rxb3 c4 37. Rb1 Re2 38. a4 c3 39. Rc1 c2 40. g4 Rd2 41. f5 Rd1+ 0-1

[Event "EU-ch Rapid"]
[Site "Katowice"]
[Date "2022.12.17"]
[Round "2"]
[White "Hercog, Nusa"]
[Black "Szpar, Milosz"]
[Result "0-1"]
[WhiteElo "2057"]
[BlackElo "2428"]
[PlyCount "66"]
[EventDate "2022.12.17"]
[EventType "swiss (rapid)"]
[EventRounds "11"]
[EventCountry "POL"]
[SourceTitle "CBM 211 Extra"]
[Source "ChessBase"]
[SourceDate "2023.01.31"]
[SourceVersion "1"]
[SourceVersionDate "2023.01.31"]
[SourceQuality "1"]

1. d4 Nf6 2. c4 c5 3. d5 e6 4. Nc3 exd5 5. cxd5 d6 6. e4 g6 7. f4 Bg7 8. Bb5+ Nfd7 9. Nf3 a6 10. Bd3 b5 11. 0-0 0-0 12. a4 c4 13. Bc2 b4 14. Ne2 Nc5 15. e5 Nbd7 16. Qd4 a5 17. Ng3 Re8 18. Re1 Qc7 19. Be3 Bb7 20. Qxc4 Rac8 21. Rac1 dxe5 22. fxe5 Nxe5 23. Nxe5 Rxe5 24. Bf4 Qb6 25. Be3 Rxe3 26. Rxe3 Ne6 27. Qe4 Bxd5 28. Qd3 Nf4 29. Qd2 Bd4 30. Nf1 Re8 31. Rce1 Nxg2 32. R1e2 Nxe3 33. Nxe3 Rxe3 0-1

[Event "AUT-chT (Women) 2223"]
[Site "Austria"]
[Date "2022.10.23"]
[Round "4.1"]
[White "Stadlinger, Lea"]
[Black "Hercog, Nusa"]
[Result "1/2-1/2"]
[WhiteElo "1823"]
[BlackElo "2061"]
[PlyCount "68"]
[EventDate "2022.10.21"]
[EventType "team-tourn"]
[EventRounds "9"]
[EventCountry "AUT"]
[SourceTitle "EXT 2024"]
[Source "ChessBase"]
[SourceDate "2023.10.10"]
[SourceVersion "1"]
[SourceVersionDate "2023.10.10"]
[SourceQuality "1"]
[WhiteTeam "Wien KJSV (W)"]
[BlackTeam "Feffernitz (W)"]
[WhiteTeamCountry "AUT"]
[BlackTeamCountry "AUT"]

1. e4 c6 2. d4 d5 3. e5 Bf5 4. h4 h5 5. Bd3 Bxd3 6. Qxd3 e6 7. Bg5 Be7 8. Bxe7 Nxe7 9. Nd2 Nf5 10. Ngf3 Nd7 11. 0-0-0 b5 12. c3 Rb8 13. Nf1 c5 14. Ne3 c4 15. Qc2 Ne7 16. a3 a5 17. Ng5 b4 18. axb4 axb4 19. f4 g6 20. Kd2 Kf8 21. Ra1 Qb6 22. g4 hxg4 23. h5 Kg7 24. hxg6 fxg6 25. Nxg4 Nf5 26. Ne3 Ng3 27. Rxh8 Rxh8 28. Rg1 Rh2+ 29. Rg2 Nf1+ 30. Ke2 b3 31. Qb1 Rxg2+ 32. Nxg2 Ng3+ 33. Kf3 Nf5 34. Qa1 Nf8 1/2-1/2

[Event "AUT-chT (Women) 2223"]
[Site "Austria"]
[Date "2022.10.22"]
[Round "3.2"]
[White "Exler, Veronika"]
[Black "Hercog, Nusa"]
[Result "1/2-1/2"]
[WhiteElo "2137"]
[BlackElo "2061"]
[PlyCount "107"]
[EventDate "2022.10.21"]
[EventType "team-tourn"]
[EventRounds "9"]
[EventCountry "AUT"]
[SourceTitle "EXT 2024"]
[Source "ChessBase"]
[SourceDate "2023.10.10"]
[SourceVersion "1"]
[SourceVersionDate "2023.10.10"]
[SourceQuality "1"]
[WhiteTeam "Wulkaprodersdorf (W)"]
[BlackTeam "Feffernitz (W)"]
[WhiteTeamCountry "AUT"]
[BlackTeamCountry "AUT"]

1. d4 d5 2. Nf3 Nf6 3. g3 c6 4. Bg2 Bf5 5. c4 e6 6. Nc3 Nbd7 7. Qb3 Qb6 8. c5 Qa6 9. Nh4 Bg6 10. Nxg6 hxg6 11. Bf1 b6 12. e4 Qc8 13. exd5 exd5 14. cxb6 axb6 15. Bg2 Bd6 16. 0-0 0-0 17. Bd2 Qa6 18. Rfd1 Rfe8 19. Bf1 Qb7 20. Bg2 Nf8 21. Re1 Ne6 22. Be3 Re7 23. Bf3 Rae8 24. Rec1 b5 25. Rc2 Nc7 26. Rac1 Na8 27. a4 b4 28. Ne2 Rc7 29. Bf4 Bxf4 30. Nxf4 Qb6 31. Qd3 g5 32. Ne2 Ne4 33. Bxe4 Rxe4 34. f3 Re6 35. b3 Rce7 36. Kf2 Nc7 37. Ng1 Ne8 38. Re2 Nf6 39. Rxe6 Rxe6 40. Re1 Rxe1 41. Kxe1 g4 42. fxg4 Nxg4 43. Nf3 Qc7 44. Qe2 Kf8 45. Kd1 c5 46. Qb5 Nf2+ 47. Ke1 Ne4 48. Nd2 cxd4 49. Qxb4+ Kg8 50. Qxd4 Qc1+ 51. Ke2 Qc2 52. b4 Nxd2 53. Qxd2 Qxa4 54. Qxd5 1/2-1/2

[Event "Nova Gorica op-A 26th"]
[Site "Nova Gorica"]
[Date "2022.09.20"]
[Round "7"]
[White "Hercog, Nusa"]
[Black "Chkhaidze, Nikoloz"]
[Result "0-1"]
[WhiteElo "2019"]
[BlackElo "2239"]
[PlyCount "66"]
[EventDate "2022.09.16"]
[EventType "swiss"]
[EventRounds "9"]
[EventCountry "SLO"]
[SourceTitle "CBM 210 Extra"]
[Source "ChessBase"]
[SourceDate "2022.11.30"]
[SourceVersion "1"]
[SourceVersionDate "2022.11.30"]
[SourceQuality "1"]

1. d4 Nf6 2. c4 g6 3. f3 Bg7 4. e4 d6 5. Nc3 0-0 6. Be3 c5 7. Nge2 Nc6 8. d5 Ne5 9. Ng3 e6 10. Qd2 exd5 11. cxd5 h5 12. Be2 h4 13. Nf1 h3 14. g4 b5 15. Ng3 b4 16. Nd1 Re8 17. Nf2 c4 18. Qxb4 Nxd5 19. exd5 Nxf3+ 20. Bxf3 Rxe3+ 21. Be2 c3 22. 0-0 cxb2 23. Rab1 Qe7 24. Bd3 Qe5 25. Ngh1 Rxd3 26. Nxd3 Qxd5 27. Nf4 Bd4+ 28. Nf2 Qe4 29. Qe1 Qxf4 30. Qe8+ Kg7 31. Qc6 Bxg4 32. Qxa8 Bf3 33. Qb8 Qg4# 0-1

[Event "Nova Gorica op-A 26th"]
[Site "Nova Gorica"]
[Date "2022.09.18"]
[Round "5"]
[White "Hercog, Nusa"]
[Black "Garsky, Vladyslav"]
[Result "0-1"]
[WhiteElo "2019"]
[BlackElo "2229"]
[PlyCount "90"]
[EventDate "2022.09.16"]
[EventType "swiss"]
[EventRounds "9"]
[EventCountry "SLO"]
[SourceTitle "CBM 210 Extra"]
[Source "ChessBase"]
[SourceDate "2022.11.30"]
[SourceVersion "1"]
[SourceVersionDate "2022.11.30"]
[SourceQuality "1"]

1. d4 d5 2. c4 e6 3. Nf3 Be7 4. Nc3 Nf6 5. Bf4 0-0 6. e3 b6 7. Bd3 c5 8. cxd5 Nxd5 9. Nxd5 exd5 10. 0-0 Nc6 11. Ne5 Nxe5 12. Bxe5 c4 13. Bc2 b5 14. e4 Bb7 15. Re1 dxe4 16. Bxe4 Bxe4 17. Rxe4 f6 18. Bf4 Bd6 19. Qf3 Bxf4 20. Qxf4 Re8 21. Rae1 Qd7 22. h3 Rxe4 23. Rxe4 Kf8 24. Qe3 Re8 25. Qa3+ Kf7 26. Rxe8 Kxe8 27. Qc5 Kf7 28. Kf1 Ke6 29. a3 a6 30. Kg1 Qd6 31. Qc8+ Kd5 32. Qg4 Qe7 33. Kf1 h5 34. Qxh5+ Kxd4 35. Qd1+ Kc5 36. Kg1 Qe5 37. Qd2 Qd4 38. Qe2 Qe5 39. Qd2 a5 40. Qxa5 Qxb2 41. Qa7+ Kd5 42. Qd7+ Ke4 43. Qd6 Qa1+ 44. Kh2 Qe5+ 45. Qxe5+ Kxe5 0-1

[Event "SLO-chT 32nd"]
[Site "Ljubljana"]
[Date "2022.09.09"]
[Round "4.1"]
[White "Lenic, Luka"]
[Black "Hercog, Nusa"]
[Result "1-0"]
[WhiteElo "2633"]
[BlackElo "2019"]
[PlyCount "67"]
[EventDate "2022.09.02"]
[EventType "team-tourn"]
[EventRounds "9"]
[EventCountry "SLO"]
[SourceTitle "EXT 2023"]
[Source "ChessBase"]
[SourceDate "2022.10.05"]
[SourceVersion "1"]
[SourceVersionDate "2022.10.05"]
[SourceQuality "1"]
[WhiteTeam "Ljubljana Tajfun"]
[BlackTeam "Celje"]
[WhiteTeamCountry "SVK"]
[BlackTeamCountry "SVK"]

1. c4 c6 2. d4 d5 3. Nf3 Nf6 4. Qc2 e6 5. Nbd2 Nbd7 6. g3 Bd6 7. Bg2 0-0 8. 0-0 Re8 9. b3 c5 10. Bb2 b6 11. dxc5 bxc5 12. e4 Qc7 13. exd5 exd5 14. cxd5 Bb7 15. Ng5 h6 16. Nge4 Nxd5 17. Nxd6 Qxd6 18. Nc4 Qc7 19. Qf5 N7b6 20. Be4 g6 21. Qf3 f5 22. Nxb6 fxe4 23. Nxa8 Bxa8 24. Qg4 Qc6 25. Rad1 Kh7 26. Rxd5 Qxd5 27. Rd1 h5 28. Rxd5 hxg4 29. Rd7+ Kh6 30. Bc1+ g5 31. Be3 Rc8 32. Rxa7 Kg6 33. Kf1 Kf5 34. Rg7 1-0

[Event "EU-ch Hybrid U18 Girls"]
[Site "Tornelo INT"]
[Date "2021.10.15"]
[Round "2"]
[White "Hercog, Nusa"]
[Black "Loskutova, Viktoriya"]
[Result "0-1"]
[WhiteElo "1868"]
[BlackElo "2169"]
[PlyCount "74"]
[EventDate "2021.10.15"]
[EventType "swiss"]
[EventRounds "9"]
[EventCountry "NET"]
[SourceTitle "EXT 2023"]
[Source "ChessBase"]
[SourceDate "2022.10.05"]
[SourceVersion "1"]
[SourceVersionDate "2022.10.05"]
[SourceQuality "1"]
[WhiteTeam "Slovenia"]
[BlackTeam "Russia"]
[WhiteTeamCountry "SLO"]
[BlackTeamCountry "RUS"]

1. d4 Nf6 2. c4 e6 3. Nc3 Bb4 4. Nf3 b6 5. e3 0-0 6. Bd3 d5 7. 0-0 Bb7 8. cxd5 exd5 9. Ne5 Bd6 10. f4 c5 11. Qf3 Nc6 12. Ne2 Rc8 13. Bd2 Ne4 14. Bc3 f6 15. Ng4 Re8 16. Rad1 cxd4 17. exd4 Ne7 18. Ne3 f5 19. Kh1 Qd7 20. Qh3 Rc7 21. Rf3 Rf8 22. Rg1 Bc8 23. g4 fxg4 24. Nxg4 Ng6 25. Qf1 Qf5 26. Ng3 Nxg3+ 27. Rgxg3 Qh5 28. Ne5 Bxe5 29. fxe5 Rcf7 30. Be2 Nf4 31. Rxf4 Rxf4 32. Qxf4 Qxe2 33. Qh4 Bf5 34. Kg1 Qd1+ 35. Kg2 Be4+ 36. Kh3 Qf1+ 37. Kg4 Qf5# 0-1

[Event "EU-ch Hybrid U18 Girls"]
[Site "Tornelo INT"]
[Date "2021.10.15"]
[Round "1"]
[White "Jimenez Fernandez, Rebeca"]
[Black "Hercog, Nusa"]
[Result "0-1"]
[WhiteElo "2073"]
[BlackElo "1868"]
[PlyCount "50"]
[EventDate "2021.10.15"]
[EventType "swiss"]
[EventRounds "9"]
[EventCountry "NET"]
[SourceTitle "EXT 2023"]
[Source "ChessBase"]
[SourceDate "2022.10.05"]
[SourceVersion "1"]
[SourceVersionDate "2022.10.05"]
[SourceQuality "1"]
[WhiteTeam "Spain"]
[BlackTeam "Slovenia"]
[WhiteTeamCountry "ESP"]
[BlackTeamCountry "SLO"]

1. e4 c6 2. d4 d5 3. Nc3 dxe4 4. Nxe4 Bf5 5. Ng3 Bg6 6. h4 h6 7. Nf3 Nd7 8. h5 Bh7 9. Bd3 Bxd3 10. Qxd3 e6 11. Bd2 Ngf6 12. 0-0-0 Be7 13. Qe2 0-0 14. Nf1 Qb6 15. g4 Nd5 16. g5 c5 17. gxh6 cxd4 18. hxg7 Ba3 19. gxf8Q+ Rxf8 20. bxa3 Nc3 21. Bh6 Nxa2+ 22. Kd2 Qa5+ 23. Kd3 Nc5+ 24. Kc4 b5+ 25. Kxc5 Qb6# 0-1

[Event "EU-ch Hybrid U18 Girls"]
[Site "Tornelo INT"]
[Date "2021.10.15"]
[Round "3"]
[White "Marcinczyk, Monika"]
[Black "Hercog, Nusa"]
[Result "1-0"]
[WhiteElo "2036"]
[BlackElo "1868"]
[PlyCount "95"]
[EventDate "2021.10.15"]
[EventType "swiss"]
[EventRounds "9"]
[EventCountry "NET"]
[SourceTitle "EXT 2023"]
[Source "ChessBase"]
[SourceDate "2022.10.05"]
[SourceVersion "1"]
[SourceVersionDate "2022.10.05"]
[SourceQuality "1"]
[WhiteTeam "Poland"]
[BlackTeam "Slovenia"]
[WhiteTeamCountry "POL"]
[BlackTeamCountry "SLO"]

1. e4 c6 2. d4 d5 3. f3 dxe4 4. fxe4 e5 5. Nf3 Bg4 6. Bc4 Nd7 7. 0-0 Ngf6 8. c3 Bd6 9. Qb3 0-0 10. Qxb7 Bxf3 11. Rxf3 Nb6 12. Bb3 exd4 13. cxd4 Bc7 14. Be3 Ng4 15. Qa6 Bxh2+ 16. Kf1 Nxe3+ 17. Rxe3 Qf6+ 18. Ke2 Bg1 19. Rf3 Qxd4 20. Nc3 Qc5 21. Raf1 Kh8 22. Rh3 f5 23. Qd3 h6 24. Qd2 Kh7 25. Rh5 Rad8 26. Qf4 Bd4 27. Rxf5 Rxf5 28. Qxf5+ Qxf5 29. Rxf5 Rd7 30. Rf8 g6 31. Re8 c5 32. e5 Rg7 33. Ne4 h5 34. Ng5+ Kh6 35. Nf7+ Rxf7 36. Bxf7 Kg7 37. e6 Bxb2 38. Rg8+ Kf6 39. Rxg6+ Ke7 40. Rg5 c4 41. Rxh5 Nc8 42. Rb5 c3 43. Rb7+ Kf6 44. Kd3 Nd6 45. Rxa7 Nb5 46. Ra4 Na3 47. Rxa3 Bxa3 48. Kxc3 1-0

[Event "EU-ch (Women) 21st"]
[Site "Iasi"]
[Date "2021.08.13"]
[Round "5"]
[White "Hercog, Nusa"]
[Black "Agrest, Inna"]
[Result "0-1"]
[WhiteElo "2000"]
[BlackElo "2281"]
[PlyCount "114"]
[EventDate "2021.08.09"]
[EventType "swiss"]
[EventRounds "11"]
[EventCountry "ROU"]
[SourceTitle "CBM 203 Extra"]
[Source "ChessBase"]
[SourceDate "2021.09.30"]
[SourceVersion "1"]
[SourceVersionDate "2021.09.30"]
[SourceQuality "1"]

1. d4 Nf6 2. c4 g6 3. Nc3 Bg7 4. e4 d6 5. h3 0-0 6. Be3 Nbd7 7. g4 c5 8. Nge2 a6 9. Bg2 cxd4 10. Nxd4 Ne5 11. b3 Bd7 12. Qd2 Rc8 13. f4 Nc6 14. Rd1 Nxd4 15. Bxd4 b5 16. e5 Ne8 17. Bb7 Rb8 18. Bxa6 b4 19. Nd5 e6 20. Nxb4 dxe5 21. Ba7 exf4 22. Bxb8 Qxb8 23. a3 Nf6 24. Qd6 Qa8 25. 0-0 g5 26. c5 Qe4 27. Rde1 Qa8 28. c6 Bc8 29. c7 Qa7+ 30. Kh2 Ne8 31. Qc6 Nxc7 32. Bxc8 Rxc8 33. Qd7 Qa8 34. Nc6 Nd5 35. Rc1 Re8 36. Qa7 Qxa7 37. Nxa7 Re7 38. Rc8+ Bf8 39. Nc6 Rb7 40. b4 Kg7 41. Ra1 Ne3 42. Rd8 Rc7 43. b5 Bc5 44. a4 f3 45. Ra2 Nf1+ 46. Kh1 Ng3+ 47. Kh2 Nf1+ 48. Kh1 Ng3+ 49. Kh2 f2 50. Rxf2 Bxf2 51. a5 Ne4 52. b6 Rxc6 53. b7 Bg3+ 54. Kg2 Bf4 55. Ra8 Rc2+ 56. Kf3 f5 57. gxf5 exf5 0-1

[Event "EU-ch (Women) 21st"]
[Site "Iasi"]
[Date "2021.08.10"]
[Round "2"]
[White "Ciolacu, Alessia Mihaela"]
[Black "Hercog, Nusa"]
[Result "1/2-1/2"]
[WhiteElo "2241"]
[BlackElo "2000"]
[PlyCount "101"]
[EventDate "2021.08.09"]
[EventType "swiss"]
[EventRounds "11"]
[EventCountry "ROU"]
[SourceTitle "CBM 203 Extra"]
[Source "ChessBase"]
[SourceDate "2021.09.30"]
[SourceVersion "1"]
[SourceVersionDate "2021.09.30"]
[SourceQuality "1"]

1. d4 d5 2. c4 e6 3. Nc3 c6 4. e3 Nf6 5. b3 Nbd7 6. Bd3 Bd6 7. Nf3 0-0 8. 0-0 Re8 9. Qc2 e5 10. cxd5 cxd5 11. Nb5 Bb8 12. dxe5 Nxe5 13. Nxe5 Bxe5 14. Bb2 Bxb2 15. Qxb2 a6 16. Nd4 Ne4 17. Rac1 Qd6 18. Rfd1 Bd7 19. Bxe4 Rxe4 20. Ne2 Rh4 21. Ng3 f5 22. Rd4 Rh6 23. h3 Be6 24. Qd2 Rd8 25. Ne2 Bf7 26. Nf4 Qe5 27. Qa5 Rhd6 28. Qc7 b5 29. Rc5 Qf6 30. Qb7 R6d7 31. Rc7 Rxc7 32. Qxc7 h6 33. Nd3 Rd6 34. f4 Rc6 35. Qb8+ Kh7 36. Ne5 Rc1+ 37. Kh2 Bg8 38. Qe8 Rc2 39. a4 bxa4 40. Rxa4 Rb2 41. Nd7 Qc3 42. Nf8+ Kh8 43. Ng6+ Kh7 44. Rd4 Qe1 45. Nf8+ Kh8 46. Ng6+ Kh7 47. Nf8+ Kh8 48. Qh5 Qxe3 49. Ng6+ Kh7 50. Nf8+ Kh8 51. Ng6+ 1/2-1/2

[Event "World Cup U18 Girls Prel"]
[Site "Tornelo INT"]
[Date "2021.08.01"]
[Round "2"]
[White "Hercog, Nusa"]
[Black "Diya, Chowdhury"]
[Result "0-1"]
[WhiteElo "2058"]
[BlackElo "1698"]
[PlyCount "106"]
[EventDate "2021.08.01"]
[EventType "swiss (rapid)"]
[EventRounds "10"]
[EventCountry "NET"]
[SourceTitle "EXT 2024"]
[Source "ChessBase"]
[SourceDate "2023.10.10"]
[SourceVersion "1"]
[SourceVersionDate "2023.10.10"]
[SourceQuality "1"]

1. d4 Nf6 2. c4 e6 3. Nc3 Bb4 4. Nf3 0-0 5. Bg5 h6 6. Bh4 d5 7. e3 b6 8. Be2 Bb7 9. 0-0 Be7 10. Rc1 Nbd7 11. cxd5 exd5 12. Qc2 Rc8 13. Bd3 c5 14. Bf5 Ra8 15. Rfd1 c4 16. Ne5 a6 17. a4 Nxe5 18. dxe5 Nd7 19. Bxe7 Qxe7 20. Nxd5 Bxd5 21. Rxd5 Nxe5 22. Qe4 Rfe8 23. Rcd1 g6 24. Bh3 Nd3 25. Qd4 Qb4 26. Rd7 b5 27. Qf6 Qf8 28. a5 Qg7 29. Qxg7+ Kxg7 30. Rd2 Red8 31. Rc7 Nxb2 32. Rxd8 Rxd8 33. g3 b4 34. Be6 Rf8 35. Bxc4 Nxc4 36. Rxc4 Rb8 37. Rc2 Kf6 38. Kf1 Ke5 39. Ke2 Rb5 40. Kd3 Rxa5 41. Kc4 Rb5 42. Ra2 Rb6 43. Ra5+ Ke6 44. f4 b3 45. Ra1 b2 46. Rb1 Kf5 47. Kc3 Ke4 48. Kd2 a5 49. Ke2 a4 50. Kd2 a3 51. Kc2 a2 52. Rxb2 Rc6+ 53. Kd2 a1Q 0-1

[Event "Mitropa Cup Online (Women)"]
[Site "Tornelo INT"]
[Date "2021.05.12"]
[Round "9.3"]
[White "Gaal, Zsoka"]
[Black "Hercog, Nusa"]
[Result "1-0"]
[WhiteElo "2177"]
[BlackElo "2028"]
[PlyCount "79"]
[EventDate "2021.05.04"]
[EventType "team-tourn"]
[EventRounds "9"]
[EventCountry "SUI"]
[SourceTitle "CBM 202 Extra"]
[Source "ChessBase"]
[SourceDate "2021.07.31"]
[SourceVersion "1"]
[SourceVersionDate "2021.07.31"]
[SourceQuality "1"]
[WhiteTeam "Hungary (W)"]
[BlackTeam "Slovenia (W)"]
[WhiteTeamCountry "HUN"]
[BlackTeamCountry "SLO"]

1. Nf3 d5 2. g3 Nf6 3. Bg2 c6 4. 0-0 Bf5 5. c4 e6 6. Qb3 Qb6 7. d3 Nbd7 8. Be3 Bc5 9. Bxc5 Nxc5 10. Qa3 0-0 11. Nbd2 a5 12. Rfc1 Ncd7 13. Qc3 h6 14. Rab1 c5 15. cxd5 exd5 16. Nh4 Bh7 17. e4 dxe4 18. dxe4 Rfe8 19. Re1 Ng4 20. Nc4 Qc7 21. Rbd1 Ra6 22. Bh3 h5 23. f3 Nge5 24. Rd5 Re7 25. Red1 Ra8 26. a4 b6 27. Nd6 f6 28. Nhf5 Bxf5 29. Nxf5 Rf7 30. Nd6 Re7 31. f4 Ng4 32. Rxh5 Nh6 33. Qc4+ Kf8 34. Nf5 b5 35. Qa2 Rf7 36. Nxh6 gxh6 37. Qxf7+ Kxf7 38. Rxd7+ Qxd7 39. Bxd7 Kg6 40. Rxc5 1-0

[Event "Mitropa Cup Online (Women)"]
[Site "Tornelo INT"]
[Date "2021.05.09"]
[Round "6.3"]
[White "Hercog, Nusa"]
[Black "Gueci, Tea"]
[Result "1/2-1/2"]
[WhiteElo "2028"]
[BlackElo "2204"]
[PlyCount "84"]
[EventDate "2021.05.04"]
[EventType "team-tourn"]
[EventRounds "9"]
[EventCountry "SUI"]
[SourceTitle "CBM 202 Extra"]
[Source "ChessBase"]
[SourceDate "2021.07.31"]
[SourceVersion "1"]
[SourceVersionDate "2021.07.31"]
[SourceQuality "1"]
[WhiteTeam "Slovenia (W)"]
[BlackTeam "Italy (W)"]
[WhiteTeamCountry "SLO"]
[BlackTeamCountry "ITA"]

1. d4 d5 2. c4 e6 3. Nc3 c5 4. cxd5 exd5 5. Nf3 Nc6 6. dxc5 d4 7. Na4 Bxc5 8. Nxc5 Qa5+ 9. Bd2 Qxc5 10. Rc1 Qb6 11. e3 Nf6 12. Bc4 0-0 13. h3 Qxb2 14. Nxd4 Ne4 15. Rc2 Qb6 16. Nxc6 bxc6 17. 0-0 Bf5 18. Qa1 Qd8 19. Bb4 c5 20. Qe5 Qf6 21. Bc3 Qxe5 22. Bxe5 Rfe8 23. Bh2 Nd6 24. Bd5 Bxc2 25. Bxa8 Rxa8 26. Bxd6 c4 27. Rc1 Bd3 28. Bb4 Rb8 29. a3 Rb5 30. f3 f5 31. Kf2 Kf7 32. Ke1 Ke6 33. Kf2 a5 34. Bc3 g6 35. Ke1 Kd5 36. Kd2 Kc6 37. Ra1 Rd5 38. Ke1 Rb5 39. Kd2 Kb6 40. a4 Rb3 41. Bd4+ Kc6 42. h4 h5 1/2-1/2